000
00320pab a2200145 454500
008
180718b1988 xxu||||| |||| 00| 0 eng d
100
_a
Dutta, A.N.
245
_a
Planning and grassrote level
260
_c
1988
300
_a
9-15
362
_a
1 Dec.
650
_a
Decentralisation
773
_a
Yojana
909
_a
7051
999
_c
7051
_d
7051